| Registos Bibliográficos associados ao registo de autoridade |
|
Etiqueta de registo: 00652nam 02200217 04500 001 1781332 003 http://id.bnportugal.gov.pt/bib/catbnp/1781332 010 ## $a978-989-8292-30-8 021 ## $aPT$b306987/10 100 ## $a20110527d2010 m y0pora0103 ba 101 1# $apor$crus 102 ## $aPT 105 ## $ay z 000yy 106 ## $ar 200 1# $a O músico cego$fVladimir Korolenko$gtrad. Nina Guerra, Filipe Guerra 205 ## $a1ª ed 210 #9 $a[Fanhões]$cArbor Litterae,$d1958 215 ## $a270 p.$d20 cm 304 ## $aTít. orig.: Slepói musikant 675 ## $a821.161.1-31"18/19"$vBN$zpor$3604492 700 #1 $aKorolenko,$bVladimir,$f1853-1921$352385 702 #1 $aGuerra,$bNina,$f1950-$4730$3243064 702 #1 $aGuerra,$bFilipe,$f1948-2025$4730$373425 801 #0 $aPT$bBN$gRPC 900 ## $aBIBNAC$d20111115 966 ## $lBN$mFGMON$sL. 104489 P.$x1 966 ## $lBN$mFGMON$sL. 104489 P.-D$x1
Etiqueta de registo: 00562cam 2200205 450 001 740320 003 http://id.bnportugal.gov.pt/bib/catbnp/740320 005 20000216143700.0 095 ## $aPTBN00527568 100 ## $a19940104d1945 m y0pory0103 ba 101 1# $apor$crus 102 ## $aPT 105 ## $ay z 000ay 106 ## $ar 200 1# $a O músico cego$fW. Korolenko$gtrad. Natércia Caramalho 205 ## $a2ª ed 210 #9 $aLisboa$cSirius,$d1945 215 ## $aIII, 267, [3] p.$d19 cm 675 ## $a821.161.1-31"18/19"$vBN$zpor$3604492 700 #1 $aKorolenko,$bVladimir,$f1853-1921$352385 702 #1 $aCaramalho,$bNatércia$4730$327230 801 #0 $aPT$bBN$gRPC 966 ## $lBN$mFGMON$sL. 36449 P. 966 ## $lBN$mFGMON$sL. 97142 P.$x6 997 ## $aBIBEOD
Etiqueta de registo: 00530cam 2200181 450 001 542246 003 http://id.bnportugal.gov.pt/bib/catbnp/542246 005 19990103000000.0 095 ## $aPTBN00745318 100 ## $a19950629d1941 m y0pory0103 ba 101 1# $apor 102 ## $aPT 105 ## $ay z 000ay 106 ## $ar 200 1# $a O músico cego$fWladimiro Galaklionovitch Korolenko$gtrad. de Natércia Caramalho 210 #9 $aLisboa$cSírius,$d1941 215 ## $aIII, 267, [1] p.$d20 cm 675 ## $a821.161.1-31"18/19"$vBN$zpor$3604492 700 #1 $aKorolenko,$bVladimir,$f1853-1921$352385 702 #1 $aCaramalho,$bNatércia$4730$327230 801 #0 $aPT$bBN$gRPC 966 ## $lBN$mFGMON$sL. 34079 P. 966 ## $lBN$mFGMON$sL. 103202 P.$x3 997 ## $aBIBEOD
Etiqueta de registo: 00574cam 22001931 450 001 567330 003 http://id.bnportugal.gov.pt/bib/catbnp/567330 005 19990103000000.0 095 ## $aPTBN00776243 100 ## $a19951012d1966 m y0pory0103 ba 101 1# $apor 102 ## $aPT 200 1# $aEm má companhia$fVladimir Galaktjónovic Korclenko$gtrad. de António Ramos Rosa 210 #9 $aLisboa$cEdições Paulistas,$d1966 215 ## $a133 p., 1 f.$d19 cm 225 2# $aMeridiano$v9 700 #1 $aKorolenko,$bVladimir,$f1853-1921$352385 702 #1 $aRosa,$bAntónio Ramos,$f1924-2013$4730$310402 801 #0 $aPT$bBN$gRPC 966 ## $lBN$mFGMON$sL. 58844 P.$x1
Etiqueta de registo: 00777cam 2200253 450 001 349727 003 http://id.bnportugal.gov.pt/bib/catbnp/349727 100 ## $a19920703d1971 am y0pory01030103ba 101 1# $apor$crus 102 ## $aPT 105 ## $ay z 000ay 106 ## $ar 200 1# $a O músico cego$fVladimir Galaktionovitch korolenko$gtrad. Natércia Caramalho 210 #9 $aLisboa$cPublicações Europa-América,$d1971 215 ## $a215 p.$d18 cm 225 2# $aLivros de bolso Europa América$v2 304 ## $aTít. orig.: Slepoj muzikant 675 ## $a821.161.1-31"18/19"$vBN$zpor$3604492 700 #1 $aKorolenko,$bVladimir,$f1853-1921$352385 702 #1 $aCaramalho,$bNatércia$4730$327230 801 #0 $aPT$bBN$gRPC 966 ## $lBN$mFGMON$sL. 64758 P. 966 ## $lBN$mFGMON$sL. 116540 P.$x3 997 ## $aBIBEOD
Etiqueta de registo: 00616cam 02200193 04500 001 189052 003 http://id.bnportugal.gov.pt/bib/catbnp/189052 005 20000128174600.0 095 ## $aPTBN00196350 100 ## $a19881207d1954 m y0pora0103 ba 101 1# $aeng$crus 102 ## $aSU 200 1# $a The blind musician$e an etude$fVladimir Korolenko$gtranslated from the russian by Helen Altschuler 210 #9 $aMoscow$cForeign Languages Publishing House,$d[1954] 215 ## $a226, [2] p.$d17 cm 675 ## $a821.161.1-31"18/19"$vBN$zpor$3604492 700 #1 $aKorolenko,$bVladimir,$f1853-1921$352385 702 #1 $aAltschuler,$bHelen$4730$3387923 801 #0 $aPT$bBN$gRPC 966 ## $lBN$mFGMON$sL. 73778 P.$x5 997 ## $aBIBEOD
Etiqueta de registo: 00652cam 022002171 04500 001 129082 003 http://id.bnportugal.gov.pt/bib/catbnp/129082 005 19981121170500.0 095 ## $aPTBN00134703 100 ## $a19581201d1958 em y0pora0103 ba 101 1# $apor 102 ## $aPT 200 1# $a O músico cego$fVladimir Galaktionovitch Korolenko$gtrad. Natércia Caramalho 210 #9 $aLisboa$cEuropa-América,$d1958 215 ## $a219, [1]p.$d16 cm 225 2# $a OS livros das três abelhas$v13 304 ## $aTít. orig. Slepoj muzikant 675 ## $a821.161.1-31"18/19"$vBN$zpor$3604492 700 #1 $aKorolenko,$bVladimir,$f1853-1921$352385 702 #1 $aCarvalho,$bNatércia$4730$3345302 801 #0 $aPT$bBN$gRPC 966 ## $lBN$mFGMON$sL. 48523 P. 997 ## $aBIBEOD
Etiqueta de registo: 00714nam 02200217 04500 001 135516 003 http://id.bnportugal.gov.pt/bib/catbnp/135516 100 ## $a19590301d1959 m y0pora01030103ba 101 1# $apor 102 ## $aPT 105 ## $ay z 000yy 106 ## $ar 200 1# $a Os ruídos do bosque$fVladimir Korolenko 210 #9 $aLisboa$cFomento de Publicações,$d[D.L. 1959] 215 ## $a46, [2] p.$d17 cm 225 2# $aMosaico$epequena antologia de obras-primas$v58 317 ## $aBiblioteca Matilde Rosa Araújo$5PTBN: L. 122238 P. 325 1# $aBraille impresso (grau 2). - Porto : CPAC, 1976. - 1 vol. ; 30 cm. - Cota ALDV: 916bl_001 339 ## $aCPAC $bBraille impresso (grau 2) $c $dNao $e916bl_001 675 ## $a882$vmed$zpor$3288326 700 #1 $aKorolenko,$bVladimir,$f1853-1921$352385 801 #0 $aPT$bBN$gRPC 966 ## $lBN$mFGMON$sL. 121993 P.$x1 966 ## $lBN$mFGMON$pBiblioteca Matilde Rosa Araújo$sL. 122238 P.$x3 966 ## $lBN$mINVISU$s916bl_001 $x0 997 ## $aBIBEOD
Etiqueta de registo: 00690cam 02200229 04500 001 125186 003 http://id.bnportugal.gov.pt/bib/catbnp/125186 005 19981121100300.0 095 ## $aPTBN00130763 100 ## $a19960306d19 km y0pora0103 ba 101 1# $apor 102 ## $aPT 200 1# $a As árvores têm medo$fKorolenko$gtrad. de António Ramos Rosa 210 #9 $aLisboa$cPortugália,$d[19--] 215 ## $a303, [9] p.$d17 cm 225 2# $a O livro de bolso$v31-32 675 ## $a882-34 Korolenko, V. G.$vmed$zpor$3343440 700 #1 $aKorolenko,$bVladimir,$f1853-1921$352385 702 #1 $aRosa,$bAntónio Ramos,$f1924-2013$4730$310402 801 #0 $aPT$bBN$gRPC 966 ## $lBN$mFGMON$sL. 52858 P. 966 ## $lBN$mFGMON$sL. 80457 P. 997 ## $aBIBEOD
Etiqueta de registo: 00590cam 22002051 450 001 138427 003 http://id.bnportugal.gov.pt/bib/catbnp/138427 005 19981122164600.0 095 ## $aPTBN00144102 100 ## $a19580401d1958 em y0pora0103 ba 101 0# $apor 102 ## $aPT 200 1# $a O músico cego$fVladimiro Korolenko$gtrad. Natércia Caramalho 210 #9 $aLisboa$cEuropa-América,$d1958 215 ## $a219 p.$d16 cm 225 2# $a Os livros das três abelhas$v13 675 ## $a821.161.1-31"18/19"$vBN$zpor$3604492 700 #1 $aKorolenko,$bVladimir,$f1853-1921$352385 702 #1 $aCaramalho,$bNatércia$4730$327230 801 #0 $aPT$bBN$gRPC 966 ## $lBN$mFGMON$sL. 47572 P. 997 ## $aBIBEOD
Etiqueta de registo: 00478nam 22001691i 450 001 1251946 003 http://id.bnportugal.gov.pt/bib/catbnp/1251946 100 ## $a20020606d1903 m y0pory010305 ba 101 1# $aita 102 ## $aIT 200 1# $a La foresta mormora$ein cattiva compagnia$fVladimiro Korolenko 210 #9 $aMilano$cSoc. Ed. Sonzogno,$d1903 215 ## $a1 v.$d8 225 2# $aBiblioteca universale$v304 700 #1 $aKorolenko,$bVladimir,$f1853-1921$352385 801 #0 $aPT$bBN 801 #1 $aFR$bJOUVE 966 ## $lBN$mFGMON$sL. 6200 V.$x0 997 ## $aBIBEOD
Etiqueta de registo: 00457nam 22001691i 450 001 1251904 003 http://id.bnportugal.gov.pt/bib/catbnp/1251904 100 ## $a20020606d1900 m y0pory010305 ba 101 1# $aita 102 ## $aIT 200 1# $a Il musicante cicco$fVladimiro Korolenko 210 #9 $aMilano$cSoc. Ed. Sonzogno,$d1900 215 ## $a1 v.$d8. 225 2# $aBiblioteca universale$v269 675 ## $a821.161.1-31"18/19"$vBN$zpor$3604492 700 #1 $aKorolenko,$bVladimir,$f1853-1921$352385 801 #0 $aPT$bBN 801 #1 $aFR$bJOUVE 966 ## $lBN$mFGMON$sL. 6194 V.$x0 997 ## $aBIBEOD
Etiqueta de registo: 00493nam 22001691i 450 001 1251952 003 http://id.bnportugal.gov.pt/bib/catbnp/1251952 100 ## $a20020606d1903 m y0pory010305 ba 101 1# $aita 102 ## $aIT 200 1# $a Il dito del Diavolo$e il campanaro - il sogno di Makar$fVladimiro Korolenko 210 #9 $aMilano$cSoc. Ed. Sonzogno,$d1903 215 ## $a1 v.$d8 225 2# $aBiblioteca universale$v307 700 #1 $aKorolenko,$bVladimir,$f1853-1921$352385 801 #0 $aPT$bBN 801 #1 $aFR$bJOUVE 966 ## $lBN$mFGMON$sL. 6201 V.$x0 997 ## $aBIBEOD
|
|
|